000 00719nas a2200241 4500
001 BR0706400
003 BR-BrBNA
005 20231205111248.0
007 ta
008 230509b bl.|||p| |||| 00| 00por d
040 _aBR-BrBNA
_bpor
_cBiblioteca Nacional de Agricultura
041 _a(Pt)
072 _aL40
100 1 _aFerri, S.
100 1 _aFerri, A.G.
245 1 _aHistologia da aorta torácica de mamíferos domésticos
650 _aMAMÍFERO DOMÉSTICO
650 _aVEIA
650 _aHISTOLOGIA
773 0 _tRevista da Faculdade de Medicina Veterinária (Brazil)
_xISSN 0301-7273
_g(Dec 1968), v. 7(4) p. 797-816
_wBR0706400
909 _a202311
_bLúcia
_c55
_dLúcia Elande
942 _2AGRIS
_n0
_cANA
999 _c191688
_d191688